Piloto de F1 pela carreira #2 - Statistics

Estatísticas Gerais
  • Esse quiz foi jogado 115 vezes
  • A pontuação média é 10 de 20
Estatísticas das Respostas
Hint Resposta % Correto
Sauber - Ferrari Charles Leclerc
79%
Toro Rosso - Renault - McLaren - Ferrari - Williams Carlos Sainz
73%
Wiiliams - Force India - Sauber - Force India - Renault - Racing Point - Aston Martin - Haas - Sauber Nico Hulkenberg
73%
McLaren Oscar Piastri
73%
Williams - Racing Point - Aston Martin Lance Stroll
71%
AlphaTauri - Racing Bulls - Red Bull Yuki Tsunoda
70%
Toro Rosso - Red Bull - AlphaTauri - Alpine Pierre Gasly
68%
Jordan - Stewart - Ferrari - Honda - Brawn - Williams Rubens Barrichello
64%
Sauber - McLaren - Force India - Racing Point - Red Bull Sergio Perez
64%
McLaren - Renault - Haas Kevin Magnussen
56%
Williams - Mercedes - Williams - Mercedes George Russell
48%
Williams - Benetton - Renault - BAR - Honda - Brawn - McLaren Jenson Button
47%
Williams Logan Sargeant
35%
Sauber - Alfa Romeo Antonio Giovinazzi
29%
BMW Sauber - Renault - Williams - Alfa Romeo Robert Kubica
26%
Team Lotus - McLaren MIka Hakkinen
20%
Williams - McLaren Juan Pablo Montoya
17%
ATS - Arrows - Benetton - Ferrari - McLaren - Ferrari - Benetton Gerhard Berger
15%
Toyota - BMW Sauber - Sauber - Caterham Kamui Kobayashi
14%
Jordan - Toyota - Virgin Racing - Manor Timo Glock
14%
Nenhum quiz correspondente encontrado
Distribuição das Pontuações
Porcentagem de Pessoas com Cada Pontuação
Percentil de Números Respondidos
Sua Pontuação Histórica
Você não jogou esse quiz